书目信息 |
| 题名: |
遗传学
|
|
| 作者: | 刘祖洞 , 乔守怡 , 吴燕华 编著 | |
| 分册: | ||
| 出版信息: | 北京 高等教育出版社 2013.01 |
|
| 页数: | 452页 | |
| 开本: | 26cm | |
| 丛书名: | ||
| 单 册: | ||
| 中图分类: | Q3 | |
| 科图分类: | ||
| 主题词: | 遗传学 | |
| 电子资源: | ||
| ISBN: | 978-7-04-035159-0 | |
| 000 | 00696nam0 2200229 450 | |
| 001 | 2041754701 | |
| 005 | 20201104113755.43 | |
| 010 | @a978-7-04-035159-0@dCNY42.00 | |
| 100 | @a20201104d2013 km y0chiy0120 ea | |
| 101 | 0 | @achi |
| 102 | @aCN@b110000 | |
| 200 | 1 | @a遗传学@AYi Chuan Xue@f刘祖洞,乔守怡,吴燕华等编著@FLiu Zu Dong,Qiao Shou Yi,Wu Yan Hua Deng Bian Zhu |
| 205 | @a3版 | |
| 210 | @a北京@c高等教育出版社@d2013.01 | |
| 215 | @a452页@d26cm | |
| 606 | 0 | @a遗传学 |
| 690 | @aQ3@v4 | |
| 701 | 0 | @a刘祖洞@ALiu Zu Dong@4编著 |
| 701 | 0 | @a乔守怡@AQiao Shou Yi@4编著 |
| 701 | 0 | @a吴燕华@AWu Yan Hua@4编著 |
| 801 | 0 | @aCN@b大连网信软件有限公司图书馆·11@c20201104 |
| 905 | @aZUCC@dQ3@eL730 | |
| 遗传学/刘祖洞,乔守怡,吴燕华等编著.-3版.-北京:高等教育出版社,2013.01 |
| 452页;26cm |
| ISBN 978-7-04-035159-0:CNY42.00 |
| ● |
| 相关链接 |
|
|
|
正题名:遗传学
索取号:Q3/L730
 
预约/预借
| 序号 | 登录号 | 条形码 | 馆藏地/架位号 | 状态 | 备注 |
| 1 | 1501755 | 215017559 | 自科库401/401自科库 27排1列3层/ [索取号:Q3/L730] |
已借出,限还日期为2024.10.18 借出人:陈宜铭 |